Todos os Brawlers do Brawl Stars - Statistics

Estatísticas Gerais
  • Esse quiz foi jogado 9 266 vezes
  • A pontuação média é 50 de 85
Estatísticas das Respostas
Raridade Brawler % Correto
inicial Shelly
97%
raro Colt
91%
raro Nita
87%
raro Bull
83%
raro El Primo
83%
raro Rosa
82%
raro Brock
81%
lendario Corvo
81%
lendario Leon
81%
raro Poco
80%
lendario Spike
80%
raro Barley
78%
epico Bo
75%
super raro Jessie
75%
mitico Mortis
75%
epico Edgar
74%
lendario Kenji
73%
lendario Kit
73%
epico Piper
72%
lendario Meg
70%
super raro Rico
70%
lendario Wattson
70%
super raro Dynamike
68%
lendario Amber
67%
epico Frank
67%
super raro Gus
66%
lendario Chester
65%
super raro Penny
65%
lendario Sandy
65%
super raro Tick
65%
super raro 8-Bit
64%
epico Emz
62%
epico Bibi
61%
super raro Carl
61%
lendario Cordelius
61%
super raro Darryl
61%
epico Mandy
61%
lendario Draco
60%
epico Pam
59%
mitico Tara
59%
super raro Jacky
58%
epico Stu
58%
mitico Juju
57%
mitico Buzz
56%
epico Colette
56%
mitico Eugênio
54%
epico Bea
53%
epico Gale
53%
mitico Fang
52%
mitico Max
52%
mitico Mico
52%
epico Nani
52%
epico Belle
51%
mitico Janet
51%
epico Berry
50%
mitico Byron
50%
epico Sam
50%
epico Bonnie
49%
epico Angelo
48%
mitico Mr .P
48%
epico Griff
47%
epico Grom
47%
epico Hank
47%
mitico Lily
47%
epico Lola
47%
mitico Lou
46%
mitico Coronel Ruffs
45%
mitico Melodie
45%
mitico Moe
45%
mitico Sprout
45%
mitico Buster
44%
epico Ash
43%
mitico Willow
43%
mitico Eve
42%
mitico Gray
42%
epico Pearl
42%
mitico R-T
42%
epico Larry e Lawrie
41%
mitico Otis
41%
mitico Squeak
41%
mitico Chuck
40%
mitico Charlie
39%
mitico Doug
38%
epico Maisie
38%
mitico Clancy
37%
Nenhum quiz correspondente encontrado
Distribuição das Pontuações
Porcentagem de Pessoas com Cada Pontuação
Percentil de Números Respondidos
Sua Pontuação Histórica
Você não jogou esse quiz